Представление документа в формате MARC21

Поле Инд. ПП Название Значение
Тип записи a
Библиографический уровень a
001 Контрольный номер RU/IS/BASE/183031406
005 Дата корректировки 20240109101900.1
008 Кодируемые данные 19980508
084 a Индекс другой классификации/Индекс ББК 22.3г; 87.25
090 00 a Полочн. индекс 68.801я43
x Авторский знак И 907
097 00 a 230
100 10 a Автор Визгин В. П.
245 00 a Заглавие Спасенная дважды: советская теоретическая физика между философией и ядерным оружием. Социокультурные аспекты советского атомного проекта
650 04 a Основная рубрика философия
a Основная рубрика философия науки
653 00 a Ключевые слова диалектический материализм
a Ключевые слова идеология
a Ключевые слова квантовая механика
a Ключевые слова космополитизм
a Ключевые слова методология
a Ключевые слова механисты
a Ключевые слова научное познание
a Ключевые слова научные открытия
a Ключевые слова развитие
a Ключевые слова релятивизм
a Ключевые слова теоретическая физика
a Ключевые слова теория относительности
a Ключевые слова физический идеализм
a Ключевые слова хронология
a Ключевые слова ядерная физика
a Ключевые слова ядерное оружие (атомное оружие)
773 00 d Дата издания источника Москва, 1998
g Прочая информация Вып.1. - С. 329-391
t Заглавие источника История советского атомного проекта
w Контрольный № источника RU/IS/BASE/101912151
901 t Тип документа a